| 000 | 00473nam a2200169Ia 4500 | ||
|---|---|---|---|
| 999 |
_c27680 _d27680 |
||
| 003 | OSt | ||
| 005 | 20201203102348.0 | ||
| 008 | 190216s9999||||xx |||||||||||||| ||und|| | ||
| 040 | _coclc | ||
| 082 |
_a894.8123 _bTHO/A |
||
| 100 |
_aThomas, Sara _96408 |
||
| 245 | 0 |
_aAgnisuddhi / _cSara Thomas |
|
| 260 |
_bD C Books Kerala, _c1988. _aKottayam: |
||
| 300 | _a91p | ||
| 650 | _aMalayalam Novel | ||
| 942 |
_cBK _2ddc _h894.8123 _iTHO/A _k894.8123 _mTHO/A |
||